000 00655nam a2200229Ia 4500
003 OSt
005 20220928113200.0
006 a|||||r|||| 00| 0
007 ta
008 220927b |||||||| |||| 00| 0 eng d
024 _a32584
037 _cTextual
040 _aSDCL
_cSDCL
_beng
041 _2eng
_aeng
082 _aX9:75.2'N9, N4
100 _aJain Rajiv
_9364498
245 0 _aGuide on foreign collaboration
_b Policies & procedures 1994
260 _aDelhi
_bIndia Investment Publication
_c1994
300 _avarious/pagination
_ccm.
942 _hX9:75.2'N9, N4
_cTEXL
_2CC
999 _c748398
_d748398